Mahakavi Kalidasa's Kumara sambhava mahakavya (Record no. 415240)

MARC details
000 -LEADER
fixed length control field 00692nam a2200241Ia 4500
003 - CONTROL NUMBER IDENTIFIER
control field OSt
005 - DATE AND TIME OF LATEST TRANSACTION
control field 20220924123320.0
008 - FIXED-LENGTH DATA ELEMENTS--GENERAL INFORMATION
fixed length control field 220923b |||||||| |||| 00| 0 sak d
037 ## - SOURCE OF ACQUISITION
Terms of availability Textual
040 ## - CATALOGING SOURCE
Original cataloging agency ARTS
Transcribing agency ARTS
Language of cataloging sak
041 ## - LANGUAGE CODE
Source of code sak
Language code of text/sound track or separate title sak
100 ## - MAIN ENTRY--PERSONAL NAME
Personal name Rao B.Gopal
9 (RLIN) 192407
245 #0 - TITLE STATEMENT
Title Mahakavi Kalidasa's Kumara sambhava mahakavya
260 ## - PUBLICATION, DISTRIBUTION, ETC.
Place of publication, distribution, etc. Mysore
Name of publisher, distributor, etc. Sahithya Prakashana India
Date of publication, distribution, etc. 1999
650 ## - SUBJECT ADDED ENTRY--TOPICAL TERM
Topical term or geographic name entry element SANSKRIT LITERATURE
650 ## - SUBJECT ADDED ENTRY--TOPICAL TERM
Topical term or geographic name entry element SANSKRIT DRAMA
9 (RLIN) 148476
942 ## - ADDED ENTRY ELEMENTS (KOHA)
Classification part O15,2D40,2:g, 33N9
Koha item type Textual
Source of classification or shelving scheme Colon Classification (CC)
Holdings
Withdrawn status Lost status Damaged status Not for loan Home library Current library Date acquired Total Checkouts Full call number Barcode Date last seen Price effective from Koha item type Public note
        Arts Library Arts Library 2022-09-24   O15,2D40,2:g 33N9 AL1215408 2022-09-24 2022-09-24 Textual Translated from Sanskrit to Kannad
Copyright @ Delhi University Library System